| 000 | 00914cam a2200289 a 4500 | ||
|---|---|---|---|
| 001 | 17184070 | ||
| 003 | PILC | ||
| 005 | 20150601075501.0 | ||
| 008 | 120227s2012 mdu b 001 0 eng | ||
| 010 | _a 2012002581 | ||
| 020 | _a9781606130612 (pbk.) | ||
| 040 |
_aDLC _cDLC _dDLC |
||
| 042 | _apcc | ||
| 050 | 0 | 0 |
_aRJ 496.S7 _b.L748 2012 |
| 082 | 0 | 0 | _a618.92/855 |
| 100 | 1 | _aLindsay, Leslie A. | |
| 245 | 1 | 0 |
_aSpeaking of apraxia : _ba parents' guide to childhood apraxia of speech / _cLeslie A. Lindsay. |
| 250 | _a1st ed. | ||
| 260 |
_aBethesda, Md. : _bWoodbine House, _c2012. |
||
| 300 |
_axiv, 448 pages ; _c26 cm. |
||
| 500 | _aIncludes index. | ||
| 650 | 0 | _aSpeech disorders in children. | |
| 650 | 0 | _aApraxia. | |
| 906 |
_a7 _bcbc _corignew _d1 _eecip _f20 _gy-gencatlg |
||
| 942 |
_2lcc _cBK _kFOR |
||
| 999 |
_c284527 _d284527 |
||